| 000 | 00347nam a2200133Ia 4500 | ||
|---|---|---|---|
| 008 | 220204s9999 xx 000 0 und d | ||
| 082 |
_a581.1:547.313.2 _bROB |
||
| 100 | _aRoberts, J A | ||
| 245 | 0 | _aEthylene and plant development | |
| 260 |
_aLondon _bButterworths _c1985 |
||
| 650 | _aEthylene synthesis | ||
| 700 | _aTucker, G A | ||
| 942 | _cBK | ||
| 999 |
_c39001 _d39001 |
||